| 000 | 00498nam a2200193Ia 4500 | ||
|---|---|---|---|
| 005 | 20250326130807.0 | ||
| 008 | 250326s9999 xx 000 0 und d | ||
| 037 | _aTextbook | ||
| 040 |
_aFMSL _beng _cFMSL |
||
| 041 |
_aeng _2eng |
||
| 084 |
_aX:513 Q9 _qFMSL |
||
| 100 |
_aRodgers S _9741359 |
||
| 245 | 0 |
_aAdvertising theory _cRodgers S; Thorson E |
|
| 250 | _a2 | ||
| 260 |
_aNY _bNY, Routledge _c2019 |
||
| 300 | _a548p | ||
| 942 |
_cTB _hX:513 Q9 |
||
| 999 |
_c1284136 _d1284136 |
||